Corporate Finance and Portfolio Management CFA Program Curriculum (2009) Level 1 / (Record no. 616766)

000 -LEADER
fixed length control field 00439nam a22001457a 4500
020 ## - INTERNATIONAL STANDARD BOOK NUMBER
Qualifying information PB.
040 ## - CATALOGING SOURCE
Transcribing agency FIZZA ISHAQ
082 ## - DEWEY DECIMAL CLASSIFICATION NUMBER
Classification number 332.6
Author Mark CFA
100 ## - MAIN ENTRY--PERSONAL NAME
Personal name CFA.
9 (RLIN) 133803
245 ## - TITLE STATEMENT
Title Corporate Finance and Portfolio Management CFA Program Curriculum (2009) Level 1 /
Statement of responsibility, etc. CFA.
250 ## - EDITION STATEMENT
Edition statement Vol: 4
260 ## - PUBLICATION, DISTRIBUTION, ETC.
Place of publication, distribution, etc. New York:
Name of publisher, distributor, etc. Pearson Custom Publishing,
Date of publication, distribution, etc. 2009.
300 ## - PHYSICAL DESCRIPTION
Extent iii X Xiii 285, A-1 I-68 P. ;
Dimensions 10.8 X 8.5 inches
942 ## - ADDED ENTRY ELEMENTS (KOHA)
Source of classification or shelving scheme
Koha item type Book
Holdings
Withdrawn status Lost status Source of classification or shelving scheme Damaged status Not for loan Permanent Location Current Location Shelving location Date acquired Total Checkouts Full call number Barcode Date last seen Price effective from Koha item type
          NUST Baluchistan Campus (NBC) NUST Baluchistan Campus (NBC) General Stacks 04/01/2026   332.6 CFA QD-274 04/01/2026 04/01/2026 Book
© 2023 Central Library, National University of Sciences and Technology. All Rights Reserved.